00260nam a2200109Ia 4500008004100000020001800041082001400059100001600073245002300089260001400112500002400126260604s9999 xx 000 0 und d a9781032015842 a158.1 ALT aTorin alter 0aPhilosophy of Mind bRoutledge aEducation, Coaching